Obrázky z Kopaníc /

Hlavní autor: Zguriška, Zuzka, 1900-1984
Další autoři: Rambouská, Ľuda, 1899-1952
Jazyk: Slovenština
Vydáno: Praha : L. Mazáč, 1929
Edice: Mazáčova slovenská knižnica
Témata:
Fyzický popis: 179 s. : il. ; 16 cm
LEADER 01213nam a22003372a 4500
001 000870645
003 CZ BrMZK
005 20081020145956.0
007 ta
008 071015s1929 xr a er 000 0 slo d
015 |a cnb000306459 
035 |a (OCoLC)84947168 
040 |a ABA001  |b cze  |c BOA001  |d ABA001 
072 7 |a 821.162.4  |x Slovenská literatura  |2 Konspekt  |9 25 
072 7 |a 913(4)  |x Geografie Evropy, reálie, cestování  |2 Konspekt  |9 7 
080 9 |a 821.162.4-7 
080 9 |a 908(437.6) 
080 9 |a 821.162.4-32 
100 1 |a Zguriška, Zuzka,  |d 1900-1984  |7 jn20000620438  |4 aut 
245 1 0 |a Obrázky z Kopaníc /  |c Zuzka Zguriška ; kresbami doprovádza Ľuda Rambouská 
260 |a Praha :  |b L. Mazáč,  |c 1929 
300 |a 179 s. :  |b il. ;  |c 16 cm 
490 1 |a Mazáčova slovenská knižnica ;  |v sv. 18 
655 7 |a humoristické povídky  |7 fd132428  |2 czenas 
655 7 |a slovenské povídky  |7 fd133449  |2 czenas 
700 1 |a Rambouská, Ľuda,  |d 1899-1952  |7 jn20001227037  |4 ill 
830 0 |a Mazáčova slovenská knižnica  |0 s 
910 |a BOA001  |b 1-0092.774,18 
990 |a BK 
991 |b 200710 
996 7 |b 2619242130  |c 1-0092.774,18  |l MZK  |r Sklad / do 1 hodiny  |n 5  |w 000870645  |u 000010  |a 1  |e BOA001  |j MZK50  |s A